| 000 | 00489nam a2200205Ia 4500 | ||
|---|---|---|---|
| 003 | OSt | ||
| 005 | 20140507100430.0 | ||
| 008 | 140130s9999 xx 000 0 und d | ||
| 020 | _a0439206367 | ||
| 050 |
_aQL 544.2 _b.Sh47 2001 |
||
| 100 | _aShapiro, Karen | ||
| 245 |
_cKaren Shapiro _aButterflies / |
||
| 260 |
_bScholastic, _c2001. _aNew York : |
||
| 300 |
_a23 p. : _bcol. ill. ; _c22 cm. |
||
| 440 | _v1 | ||
| 521 | _aG1 | ||
| 526 | _c190 | ||
| 942 |
_cBK _2lcc |
||
| 999 |
_c39936 _d39936 |
||